Bilecik Bilecik Bilecik Bilecik Bilecik

Green engineering : (Record no. 60584)

MARC details
000 -BAŞLIK
Sabit Uzunluktaki Kontrol Alanı 01058nam a22003017a 4500
001 - KONTROL NUMARASI
Control Dosyası 0060783
003 - KONTROL NUMARASI KİMLİĞİ
Kontrol Alanı KOHA_MİRAKIL
005 - EN SON İŞLEM TARİHİ ve ZAMANI
Kontrol Alanı 20260207004311.0
007 - FİZİKSEL TANIM SABİT ALAN - GENEL BİLGİ
Sabit uzunluklu kontrol alanı ta
008 - SABİT UZUNLUKTAKİ VERİ ÖGELERİ - GENEL BİLGİ
Sabit Alan 170912b2002 xx a|||gr||||#||||0|eng |
020 ## - ISBN - ULUSLARARASI STANDART KİTAP NUMARASI
Isbn 9780132442510
020 ## - ISBN - ULUSLARARASI STANDART KİTAP NUMARASI
Isbn
-- 0132442515
Kullanılabilirlik koşulları 258,36
040 ## - KATALOGLAMA KAYNAĞI
Özgün Kataloglama Kurumu TR-BiSEU
Kataloglama Dili tur
Çeviri Kurumu TR-BiSEU
Açıklama Kuralları rda
041 0# - DİL KODU
Metin ya da ses kaydının dil kodu eng
050 ## - SINIFLAMA ve YER NUMARASI
Sınıflama Numarası TP155.2
Yer Numarası .A45 2002
100 1# - KİŞİ ADI
Yazar Adı (Kişi adı) Allen, David T..
245 1# - ESER ADI BİLDİRİMİ
Başlık Green engineering :
Alt Eseradı vb. environmentally conscious design of chemical processes/
Sorumluluk Bildirimi David T. Allen ; David T. Allen and David R. Shonnard..
264 #1 - ÜRERİM, YAYIN, DAĞITIM ve TELİF BİLDİRİMİ
Yayın yeri Upper Saddle River, N.J. :
Yayınlayan Prentice Hall PTR
Yayın tarihi 2002
300 ## - FİZİKSEL TANIMLAMA
Sayfa, Cilt vb. XIX, 552 pages :
Diğer fiziki detaylar illustrated ;
Boyutları 25 cm.
336 ## - İÇERİK TÜRÜ
Content type term metin
Content type code txt
Source rdacontent
337 ## - MEDYA TÜRÜ
Media type term aracısız
Media type code n
Source rdamedia
338 ## - TAŞIYICI TÜRÜ
Carrier type term cilt
Carrier type code nc
Source rdacarrier
500 ## - GENEL NOT
Genel Not Includes bibliographical references and index.
650 #0 - KONU BAŞLIĞI EK GİRİŞ - KONU TERİMİ
Konusal terim veya coğrafi ad Environmental chemistry--Industrial applications.
9 (RLIN) 112326
650 #0 - KONU BAŞLIĞI EK GİRİŞ - KONU TERİMİ
Konusal terim veya coğrafi ad Environmental management.
9 (RLIN) 83400
650 #0 - KONU BAŞLIĞI EK GİRİŞ - KONU TERİMİ
Konusal terim veya coğrafi ad Sustainable engineering.
9 (RLIN) 112327
856 40 - ELEKTRONİK YER ve ERİŞİM
Kaynak Tanımlayıcı (URL) <a href="http://proquestcombo.safaribooksonline.com/?uiCode=bogaz&xmlId=9780132442510">http://proquestcombo.safaribooksonline.com/?uiCode=bogaz&xmlId=9780132442510</a>
942 ## - EK GİRİŞ ÖGELERİ (KOHA)
Source of classification or shelving scheme Library of Congress Classification
Koha item type Book
Holdings
Materyal Türü Kalıcı Konum Mevcut Konum Raf Yeri Sınıflandırma Kaynağı Edinim Bilgisi Ana Konular Alt Konular Yer Numarası Demirbaş Numarası Fatura Tarihi Geri Çekilme Durumu Kayıp Durumu Hasarlı Durumu Kredi için değil Kayıt Tarih Toplam Ödünçverme Son Görülme Tarihi Son Kontrol Tarihi
Book Prof. Dr. Azmi Özcan Kütüphanesi Prof. Dr. Azmi Özcan Kütüphanesi Birûni Salonu Library of Congress Classification Satın TEKNOLOJİ Kimya Teknolojisi TP155.2 .A45 2002 0060783 02/02/2026         12/09/2017   05/12/2024 05/12/2024